000 00573nam a2200229Ia 4500
003 OSt
005 20220916111033.0
006 a|||||r|||| 00| 0
007 ta
008 220915b |||||||| |||| 00| 0 eng d
024 _a124652
037 _cTextbook
040 _beng
_aARTS
_cARTS
041 _aeng
082 _aV672:1:N, J2
100 _aTheobald A B
245 0 _aMahdiya : History of the Anglo Egyptian Sudan 1881-1899
260 _c1952
650 _aHISTORY
942 _hV672:1:N, J2
_cTB
_2CC
999 _c104124
_d104124